Amazone Prime Original Serien nach Bildern - Statistiken

Allgemein
  • Dieses Quiz wurde 153 mal gespielt
    119 seit der letzten Aktualisierung
  • Das Durchschnittsergebnis liegt bei 3 aus 16
Antwortstatistiken
Bildquiz Antwort % Korrekt
LOL: Last One Laughing
93%
The Purge
43%
The Boys
39%
Batwoman
26%
Upload
18%
Das Rad der Zeit
17%
Carnival Row
14%
Der Herr der Ringe: Die Ringe der Macht
14%
Gen V
10%
God Omens
10%
Guy Ritchie's Der Pakt
9%
Making the Cut
4%
Cruel Summer
3%
The Walking Dead: World Beyond
2%
Betas
1%
The Lake
1%
Keine übereinstimmenden Quizze gefunden
Verteilung der Resultate
Anzahl Personen mit jedem Resultat
Perzentil nach korrekt beantworteten Fragen
Ihre Resultats-Entwicklung
Sie haben dieses Quiz seit der letzten Aktualisierung nicht gespielt